000 01359nam a2200277Ia 4500
999 _c53875
_d53875
001 20926
003 GE_BSU
005 20210617172309.0
008 181216s2016||||ge |||||||||||||| ||geo||
020 _a9789941936210
040 _cGE_BSU
041 _ageo
080 _a347.44(479.22) ჭ–39
100 _aჭეჭელაშვილი, ზურაბ
_96408
245 _aსახელშეკრულებო სამართალი :
_b(შედარებით-სამართლებრივი კვლევა ძირითადად ქართული სამართლის საფუძველზე) /
250 _a(მე-2 გადამუშავებული გამოცემა)
264 _aთბილისი :
_bბონა კაუზა,
_c2016.
300 _a306 გვ. ;
_c21 სმ.
500 _aთავფურ. მე-3, 4 და 5 გვ.
504 _aბიბლიოგრაფია ტექსტის შენიშვნებში
541 _h14ლ.50თ.
546 _aსათაური რუსულ, ინგლისურ და გერმანულ ენებზე
653 _aსამართალი
653 _aსახელშეკრულებო სამართალი.
942 _cBK
_2udc